[Event "Cota Rregion-ch U15"]
[Site "Cota"]
[Date "2016.11.19"]
[Round "3.5"]
[White "Mejia Perez, Julia Marcela"]
[Black "Fiquitiva Gutierrez, Brian Alex"]
[Result "1/2-1/2"]
[WhiteElo "1542"]
[BlackElo "1411"]
[PlyCount "83"]
[EventDate "2016.11.19"]
[EventType "swiss"]
[EventRounds "5"]
[EventCountry "COL"]
[SourceTitle "EXT 2024"]
[Source "ChessBase"]
[SourceDate "2023.10.10"]
[SourceVersion "1"]
[SourceVersionDate "2023.10.10"]
[SourceQuality "1"]

1. c4 e5 2. Nc3 Nf6 3. e3 Nc6 4. Nf3 Bb4 5. Qb3 b6 6. Nxe5 Qe7 7. Nxc6 dxc6 8. a3 Bxc3 9. Qxc3 0-0 10. Be2 Bb7 11. Bf3 Rad8 12. 0-0 Ne4 13. Qc2 Ng5 14. Bg4 c5 15. f4 Be4 16. Qd1 Ne6 17. Bf3 Bd3 18. Be2 Bf5 19. b4 h6 20. Bb2 f6 21. Bf3 cxb4 22. axb4 Qxb4 23. Ba3 Qxc4 24. Bxf8 Kxf8 25. Rxa7 b5 26. Ra8 b4 27. Rxd8+ Nxd8 28. Qc1 Qd3 29. Qb2 c5 30. Rc1 Ne6 31. Bd5 Qxd5 32. d4 cxd4 33. Qxb4+ Kf7 34. exd4 Nxd4 35. Rc7+ Kg6 36. Qe1 Ne6 37. Rc3 Kh7 38. Re3 Nxf4 39. Qf2 Ng6 40. h3 Bd7 41. Qc2 Qd4 42. Kf2 1/2-1/2

[Event "Ubate Segunda sf Dep m II"]
[Site "Ubate"]
[Date "2016.11.14"]
[Round "5.12"]
[White "Becerra Fonseca, Camila Andrea"]
[Black "Fiquitiva Gutierrez, Brian Alex"]
[Result "1/2-1/2"]
[WhiteElo "1345"]
[BlackElo "1411"]
[PlyCount "119"]
[EventDate "2016.11.12"]
[EventType "swiss"]
[EventRounds "5"]
[EventCountry "COL"]
[SourceTitle "EXT 2024"]
[Source "ChessBase"]
[SourceDate "2023.10.10"]
[SourceVersion "1"]
[SourceVersionDate "2023.10.10"]
[SourceQuality "1"]

1. Nf3 d5 2. d4 Bg4 3. e3 Nf6 4. c4 e6 5. a3 Nbd7 6. Nc3 c5 7. Be2 Qc7 8. 0-0 Bd6 9. dxc5 Qxc5 10. b4 Qc7 11. c5 Bxf3 12. Bxf3 Be5 13. Bb2 b6 14. Nb5 Qc6 15. Bxe5 Nxe5 16. Nd4 Nxf3+ 17. Qxf3 Qc8 18. cxb6 axb6 19. Nb5 Qb8 20. Rfc1 0-0 21. Nc3 Rc8 22. e4 Qe5 23. exd5 Nxd5 24. Nxd5 Rxc1+ 25. Rxc1 exd5 26. h3 g6 27. Rd1 Rc8 28. g4 Rd8 29. a4 d4 30. Qd3 Qe7 31. b5 Qb4 32. Ra1 Ra8 33. Qc2 Re8 34. Kf1 Qd6 35. Rd1 Rd8 36. Rd3 Qd5 37. f3 Qd7 38. h4 Rc8 39. Rxd4 Qxd4 40. Qxc8+ Kg7 41. Qc2 Qd5 42. Qc3+ Kg8 43. Kf2 Qa2+ 44. Kg3 Qxa4 45. Qc8+ Kg7 46. Qc6 Qa5 47. g5 Qe1+ 48. Kg4 Qg1+ 49. Kh3 Qh1+ 50. Kg3 Qe1+ 51. Kg4 Qg1+ 52. Kf4 Qd4+ 53. Qe4 Qd2+ 54. Qe3 Qb4+ 55. Qe4 Qxb5 56. Qd4+ Kf8 57. Qd8+ Kg7 58. Qf6+ Kg8 59. Qd8+ Kg7 60. Qd4+ 1/2-1/2

[Event "COL-ch U16 m sf3"]
[Site "Pereira"]
[Date "2016.05.29"]
[Round "4.11"]
[White "Londono Lopez, Donaldo Eliuver"]
[Black "Fiquitiva Gutierrez, Brian Alex"]
[Result "1-0"]
[WhiteElo "1517"]
[BlackElo "1411"]
[PlyCount "83"]
[EventDate "2016.05.27"]
[EventType "swiss"]
[EventRounds "6"]
[EventCountry "COL"]
[SourceTitle "EXT 2024"]
[Source "ChessBase"]
[SourceDate "2023.10.10"]
[SourceVersion "1"]
[SourceVersionDate "2023.10.10"]
[SourceQuality "1"]

1. e4 e5 2. Nf3 Nc6 3. Bb5 Bc5 4. 0-0 Nf6 5. Re1 d6 6. c3 Bg4 7. d3 0-0 8. h3 Bd7 9. Nbd2 a6 10. Ba4 b5 11. Bc2 Bb6 12. Nf1 Ne7 13. d4 Ng6 14. Ng3 c5 15. d5 Qc7 16. Nf5 b4 17. c4 Ba5 18. Bd2 Bxf5 19. exf5 Ne7 20. g4 Nc8 21. Qc1 Nb6 22. Nh2 Nxc4 23. b3 Nxd2 24. Qxd2 Qb7 25. h4 Qxd5 26. Qxd5 Nxd5 27. Be4 Nf6 28. Bxa8 Rxa8 29. Rad1 Rd8 30. g5 Nh5 31. Rd2 Nf4 32. Nf3 h6 33. Red1 Bc7 34. Nxe5 d5 35. Nd3 Nh3+ 36. Kg2 Nf4+ 37. Nxf4 Bxf4 38. Rxd5 Rc8 39. Rd8+ Rxd8 40. Rxd8+ Kh7 41. gxh6 Kxh6 42. Rh8# 1-0

[Event "Bogota Region-ch U16 Integrada"]
[Site "Tercer Piso"]
[Date "2015.03.30"]
[Round "6.3"]
[White "Fiquitiva Gutierrez, Brian Alex"]
[Black "Jimenez, Leonardo Andres"]
[Result "0-1"]
[WhiteElo "1453"]
[BlackElo "1927"]
[PlyCount "71"]
[EventDate "2015.03.28"]
[EventType "swiss"]
[EventRounds "6"]
[EventCountry "COL"]
[SourceTitle "EXT 2024"]
[Source "ChessBase"]
[SourceDate "2023.10.10"]
[SourceVersion "1"]
[SourceVersionDate "2023.10.10"]
[SourceQuality "1"]

1. e4 c5 2. Nf3 Nc6 3. Bc4 d6 4. Nc3 Nf6 5. d3 g6 6. Bg5 Bg7 7. Qd2 0-0 8. 0-0-0 a6 9. h4 h5 10. Bh6 b5 11. Bb3 c4 12. dxc4 b4 13. Nd5 Nxe4 14. Qe3 Nc5 15. Bxg7 Kxg7 16. Qe1 Rb8 17. Nd4 Nxd4 18. Rxd4 e5 19. Rd1 Bf5 20. Ne3 Nxb3+ 21. cxb3 Be6 22. Nc2 Qa5 23. a3 bxa3 24. Qxa5 axb2+ 25. Kb1 Rxb3 26. Qa4 Rfb8 27. Qxb3 Rxb3 28. Rxd6 Bxc4 29. Ne3 Bd3+ 30. Rxd3 Rxd3 31. Kxb2 Rd2+ 32. Kc3 Rxf2 33. Ra1 Rf4 34. Rxa6 Rxh4 35. Ra5 Kf6 36. Kb3 0-1

[Event "Bogota IRT op 08"]
[Site "Bogota"]
[Date "2012.08.18"]
[Round "2"]
[White "Fiquitiva Gutierrez, Brian Alex"]
[Black "Hurtado, Juan Eduardo"]
[Result "0-1"]
[WhiteElo "1402"]
[BlackElo "1643"]
[PlyCount "30"]
[EventDate "2012.08.17"]
[EventType "swiss"]
[EventRounds "7"]
[EventCountry "COL"]
[SourceTitle "EXT 2013"]
[Source "ChessBase"]
[SourceDate "2012.11.22"]
[SourceVersion "1"]
[SourceVersionDate "2012.11.22"]
[SourceQuality "1"]

1. e4 Nc6 2. Nc3 e5 3. Nf3 Nf6 4. Bc4 Be7 5. Ng5 0-0 6. d3 d6 7. Qf3 Nd4 8. Qd1 h6 9. Nf3 Bg4 10. Be3 c6 11. a3 b5 12. Ba2 a5 13. h3 Bxf3 14. gxf3 b4 15. Ne2 Nxf3+ 0-1

[Event "Bogota Univ Central op-B 5th"]
[Site "Bogota"]
[Date "2011.10.13"]
[Round "1.2"]
[White "Fiquitiva Gutierrez, Brian Alex"]
[Black "Sandoval Cobos, Mateo"]
[Result "0-1"]
[WhiteElo "1380"]
[BlackElo "2050"]
[PlyCount "98"]
[EventDate "2011.10.13"]
[EventType "swiss"]
[EventRounds "9"]
[EventCountry "COL"]
[SourceTitle "EXT 2024"]
[Source "ChessBase"]
[SourceDate "2023.10.10"]
[SourceVersion "1"]
[SourceVersionDate "2023.10.10"]
[SourceQuality "1"]

1. e4 e5 2. Nf3 Nc6 3. Bc4 Nf6 4. h3 Bc5 5. Qe2 d6 6. c3 d5 7. exd5 Nxd5 8. d4 Be7 9. dxe5 Nb6 10. Bb3 Be6 11. Bxe6 fxe6 12. Nh2 Bg5 13. Bxg5 Qxg5 14. Nd2 Qxe5 15. Qxe5 Nxe5 16. 0-0 0-0-0 17. Ne4 Nbc4 18. b3 Nd2 19. Rfd1 Nxe4 20. Re1 Nxc3 21. Rxe5 Rhe8 22. Rc1 Nxa2 23. Ra1 Nb4 24. Rxa7 Rd1+ 25. Nf1 Nc6 26. Ra8+ Kd7 27. Rxe8 Nxe5 28. Rb8 b6 29. Rg8 g6 30. Rh8 h5 31. Rh7+ Kd6 32. Rh8 Rb1 33. Ra8 Rxb3 34. Ra1 c5 35. Rd1+ Rd3 36. Rxd3+ Nxd3 37. Ne3 b5 38. Nd1 c4 39. Nc3 b4 40. Nb5+ Kc5 41. Nc7 b3 42. Nxe6+ Kd5 43. Ng5 b2 44. Nf3 b1Q+ 45. Kh2 Nxf2 46. Kg3 Ne4+ 47. Kf4 Qc1+ 48. Nd2 Qxd2+ 49. Kf3 Qf2# 0-1